Super Smash Bros. Brawl Tier Quiz - Statistics

General Stats
  • This quiz has been taken 238 times
    183 since last reset
  • The average score is 31 of 37
Answer Stats
Tier Fighter Vote % Correct
F Mario 30.344
95%
E Luigi 27.688
92%
SS Meta Knight 1.000
91%
F Ganondorf 36.844
89%
F Bowser 31.938
87%
A- Falco 6.375
87%
D Kirby 20.750
87%
A+ Diddy Kong 3.750
86%
D Donkey Kong 21.281
86%
A- Marth 5.813
86%
C- Peach 18.500
86%
F Samus 31.406
86%
F Zelda 35.375
86%
C+ King Dedede 12.531
85%
C Fox 15.219
84%
S Ice Climbers 2.344
84%
F Link 34.000
84%
B Pikachu 8.000
84%
F Captain Falcon 33.219
83%
C+ Lucario 11.656
83%
D Sonic 21.844
83%
B Wario 9.844
83%
E Pokemon Trainer 27.781
82%
A- Snake 5.844
82%
C+ Toon Link 13.094
82%
D Ness 24.406
79%
C- R.O.B 18.031
79%
C Wolf 14.438
79%
D Yoshi 25.938
79%
D Ike 22.625
78%
F Jigglypuff 34.813
78%
D Sheik 24.063
77%
E Lucas 28.094
76%
C Mr. Game & Watch 15.844
75%
B Zero Suit Samus 8.656
75%
C Pit 16.563
74%
A+ Olimar 3.375
73%
No matching quizzes found
Score Distribution
Percent of People with Each Score
Percentile by Number Answered
Your Score History
You have not taken this quiz since the last reset